000 01112cas a2200313 i 4500
001 000037558
003 DO-SdBNP
005 20260312092904.0
007 ta
008 120425c19 1988dr bn1p|rd || |0spa d
040 _aDO-SdBNP
_bspa
_cBNPHU
_erda
041 _hspa
043 _anwdr
110 2 _aAsociación Dominicana de Exportadores (ADOEXPO)
_964010
222 2 _aBoletín
245 1 0 _aBoletín de ADOEXPO.
264 _aSanto Domingo, República Dominicana :
_bAsociación Dominicana de Exportadores (ADOEXPO),
_c1988.
300 _avolumen :
_bilustraciones, fotografías ;
_c28 cm.
310 _aBimestral.
336 _atexto
_btxt
_2rdacontent
337 _asin mediación
_bn
_2rdamedia
338 _avolumen
_bnc
_2rdacarrier
362 1 _aInicia con: Mayo-junio 1988.
500 _aCatalogación basada en: Mayo-junio 1988.
500 _aBoletín Oficial de la Asociación Dominicana de Exportadores (ADOEXPO).
650 4 _aExportación
_vPublicaciones periódicas
_zRepública Dominicana
_964011
651 4 _aRepública Dominicana
_xExportaciones
_964012
942 _2ddc
_cISSUE
999 _c37048
_d37048